000 00800nam0a22002531 4500
001 rc\2984586
005 20250806211603.0
035 _a(NLR Aleph) 007129271
090 _a63672
_c63672
100 _a20110913d1943 u y0rusy50 ca
101 0 _arus
102 _aRU
105 _aa z |||||
200 1 _aОписание визира стабилизации поста СВП. ВС-2
_fНар. ком. ВМФ СССР. Артиллер. упр.
210 _aМосква
_cВоенмориздат
_d1943
215 _a24 с.
_cил.
_d16 см
300 _aЭкз. № 11, 320
801 0 _aRU
_bNLR
_gpsbo
801 1 _aRU
_bELAR
_2rusmarc
852 _aNLR
_j66-2/2420
942 _cBOOK
945 _aРоссийская национальная библиотека
980 _aNB
980 _aBV